Statistiken für Google-Search vervollständigen: Broeki

Klicken Sie hier um das Quiz zu spielen!

Allgemein

  • Dieses Quiz wurde 44 mal gespielt
  • Das Durchschnittsergebnis liegt bei 5 aus 10

Antwortstatistiken

GoogleAntwort% Korrekt
Broekitwitch
93%
Broekifreundin
85%
Broekialter
59%
Broekithunny
59%
Broekitwitter
56%
Broeki1
39%
Broekinno
34%
Broekivlesk
27%
Broekipodcast
12%
Broekiop gg
0%

Verteilung der Resultate

Perzentil nach korrekt beantworteten Fragen

Anzahl Personen mit jedem Resultat

Ihre Resultats-Entwicklung

Sie haben dieses Quiz noch nicht gespielt